000 00500nam a22001817a 4500
005 20250124182107.0
008 250124b |||||||| |||| 00| 0 eng d
020 _a0534597343
050 _aBF121WEI
100 _aWEITEN WAYNE
245 _aPSYCHOLOGY APPLIED TO MODERN LIFE
_bADJUSMENT IN THE 21ST CENTURY
250 _a7TH EDITION
260 _aCANADA
_bTHOMSON
_c2003
300 _a586P.,XXXIII
500 _aILLUS.,APPENDIX,GLOSSARY,INDEX
700 _aLLOYD MARGARET A.
942 _2lcc
_cBK
_n0
999 _c3041
_d3041